Loading...
| Modern World | 1 | 3 | 0 | 1 | 45 | 74 | 108.75 | 0 | 0 | 12.41 | 38.67 |
| Social Science | 0 | 3 | 0 | 1 | 30 | 93 | 108.67 | 0 | 1 | 2.02 | 8.91 |
| Fine Arts - Other Arts | 1 | 1 | 0 | 0 | 25 | 64 | 65.50 | 0 | 1 | 6.86 | 8.81 |
| Beliefs | 1 | 1 | 1 | 1 | 20 | 69 | 93.00 | 0 | 1 | 3.17 | 6.35 |
| History - American | 0 | 2 | 0 | 0 | 20 | 114 | 124.00 | 0 | 0 | 0.93 | 5.97 |
| Science - Other | 0 | 2 | 0 | 0 | 20 | 101 | 126.50 | 0 | 0 | 1.38 | 4.70 |
| History - Other | 1 | 0 | 0 | 0 | 15 | 76 | 76.00 | 0 | 1 | 9.30 | 12.00 |
| Literature - European | 0 | 2 | 1 | 1 | 15 | 97 | 122.50 | 0 | 0 | 2.24 | 5.60 |
| History - World | 1 | 0 | 0 | 0 | 15 | 69 | 69.00 | 1 | 1 | 3.26 | 7.14 |
| History - European | 0 | 1 | 0 | 0 | 10 | 127 | 127.00 | 0 | 0 | 0.62 | 3.25 |
| Literature - American | 0 | 1 | 0 | 0 | 10 | 107 | 107.00 | 0 | 0 | 1.84 | 4.29 |
| History - Ancient | 0 | 1 | 0 | 0 | 10 | 110 | 110.00 | 0 | 0 | 2.38 | 4.04 |
| Science - Biology | 0 | 1 | 0 | 1 | 10 | 133 | 133.00 | 0 | 0 | 0.05 | 1.79 |
| Science - Chemistry | 0 | 1 | 0 | 0 | 10 | 133 | 133.00 | 0 | 0 | 0.11 | 2.38 |
| Philosophy | 0 | 1 | 2 | 0 | 0 | 81 | 81.00 | 0 | 0 | 2.44 | 1.43 |
| Literature - British | 0 | 0 | 1 | 0 | -5 | 0.00 | 0 | 0 | 0.00 | 0.00 | |
| Fine Arts - Classical Music and Opera | 0 | 0 | 1 | 0 | -5 | 0.00 | 0 | 0 | 0.00 | 0.00 |